| 000 | 01272cam a2200373 a 4500 | ||
|---|---|---|---|
| 999 |
_c5428 _d5428 |
||
| 001 | 15815408 | ||
| 003 | OSt | ||
| 005 | 20250918090113.0 | ||
| 008 | 090713s2008 enka 000 1 eng d | ||
| 010 | _a 2009464402 | ||
| 020 |
_a9780194234207 _qpbk |
||
| 035 | _a15815408 | ||
| 035 | _a(OCoLC)213108557 | ||
| 040 |
_aUKM _cUKM _dYDXCP _dBAKER _dOCLCG _dAU@ _dDLC _dKH8 |
||
| 042 |
_aukscp _alccopycat |
||
| 082 | 0 | 4 |
_a428.6 BOR _222 |
| 100 | 1 |
_aBorder, Rosemary, _d1943- _eauthor. |
|
| 245 | 1 | 0 |
_aDrive into danger / _cRosemary Border ; illustrated by Simon Gurr. |
| 250 | _a[New ed.]. | ||
| 260 |
_aOxford _aNew York : _bOxford University Press, _cc2008. |
||
| 300 |
_a40 p. : _bcol. ill. ; _c20 cm. |
||
| 336 |
_atext _btxt _2rdacontent |
||
| 337 |
_aunmediated _bn _2rdamedia |
||
| 338 |
_avolume _bnc _2rdacarrier |
||
| 490 | 0 | _aOxford bookworms; Starter, Thriller & Adventure | |
| 650 | 0 | _aReaders (Adult) | |
| 650 | 0 |
_aEnglish language _vTextbooks for foreign speakers. |
|
| 650 | 0 |
_aReading comprehension _vProblems, exercises, etc. |
|
| 650 | 0 |
_aTruck driving _vFiction. |
|
| 655 | 7 |
_aAdventure fiction. _2gsafd |
|
| 655 | 7 |
_aFiction. _2lcgft _0https://id.loc.gov/authorities/genreForms/gf2014026339 |
|
| 700 | 1 |
_aGurr, Simon, _eillustrator. |
|
| 942 |
_2ddc _cTR |
||